000 01164nam a22002777a 4500
001 6765
003 FISKH
005 20250527081753.0
008 250527b cb ||||| |||| 00| 0 eng d
020 _a9781607271987
040 _aFISKH
_beng
_cFISKH
_dFISKH
050 _aSF433 .D634
082 _a636.7
100 _aHeit, Barbie
245 _aDogs a to z / b
_cy Barbie Heit ; illustrated by Wendy Edelson
260 _aWashington :
_bSoundprints,
_c2012.
300 _a36 unnumbered pages :
_bcolor illustrations ;
_c26 cm
505 _aG
520 _aWith wit, wisdom, and compassion, Dr. Dodman gets us inside the minds of our pets to learn what makes them do the crazy things they do. From aggression to zoonosis and just about everything in between, he tackles such common problems as nipping, tail chasing, excessive barking, and garbage scavenging, as well as more difficult conditions that often defy explanation--not to mention treatment.
521 8 _a300
_bLexile estimate
521 8 _aG
_bRaz-Plus
650 _aAnimal Behavior
_vPets
700 _aEdelson, Wendy
_eillustrated
942 _2ddc
_cBK
_n0
999 _c6765
_d6765